000 00632nam a2200181Ia 4500
008 100920s9999 xx 000 0 und d
082 _b35728
_a24 थ 73
100 _aबोरकर लक्ष्मीदास.
245 _aस्मगलरच्या दुनियेत.
260 _bप्रिया प्रकाशन,मुंबई 4.
_c1973
300 _a124
_bसाधी
365 _b7
520 _aसायो.
630 _aस्मगलरच्या दुनियेत.
650 _aसायो.
730 _aस्मगलरच्या दुनियेत.
942 _cBOOK
999 _c689375
_d689372